00835nam a2200229Ia 450000500170000000800390001702000180005602000180007404000560009204100080014810000260015624501300018226000550031230000420036750000210040965000410043065000150047165000540048670000240054070000220056471000190058620151005113704.0130821s2010 xxud fr 1 eng a9780821380284 a9780821380291 aCo-BoUCMbspacJose A. Gerena (modificó)d[Nuevo]00aeng1 aKhandker, Shahidur R.10aHandbook on impact evaluationcShahidur R. Khandker, Gayatri B. Koolwal, Hussain A. Samadbquantitative methods and practices aWashington D.C. (Estados Unidos)bWorld Bankc2010 axx, 239 páginasbcuadros gráficas aIncluye índice 7aAsistencia económicavEvaluación 7aEconomía 7aProyectos de desarrollo económicovEvaluación1 aKoolwal, Gayatri B.1 aSamad, Hussain A.2 aThe World Bank